00268nam a2200097Ia 4500008004100000082001900041100002200060245004200082260003700124300000900161210430s9999 xx 000 0 und d a509.22 R3451 M aDr Atta UR Rehman aMeet the ScientistcDr Atta UR Rehman aNUSTbNUST Science Societyc2012 a14 p